[Event "Russian Blitz Championship (m)"]
[Site "Sochi"]
[Date "2022.10.14"]
[Round "13.16"]
[White "Dzhumagaliev, Yan"]
[Black "Salemgareev, Tagir"]
[Result "0-1"]
[BlackElo "2366"]
[WhiteElo "2507"]
[LiveChessVersion "1.4.8"]

1. Nf3 {[%clk 0:03:03]} d5 {[%clk 0:03:02]} 2. d4 {[%clk 0:03:04]} Nf6
{[%clk 0:03:02]} 3. h4 {[%clk 0:03:05]} c5 {[%clk 0:03:02]} 4. c3
{[%clk 0:03:05]} Nc6 {[%clk 0:03:02]} 5. h5 {[%clk 0:03:06]} h6 {[%clk 0:03:01]}
6. Bf4 {[%clk 0:03:06]} Qb6 {[%clk 0:03:00]} 7. Qb3 {[%clk 0:02:58]} c4
{[%clk 0:03:00]} 8. Qc2 {[%clk 0:02:53]} Bf5 {[%clk 0:03:00]} 9. Qc1
{[%clk 0:02:54]} e6 {[%clk 0:03:01]} 10. Nbd2 {[%clk 0:02:51]} Be7
{[%clk 0:03:01]} 11. e3 {[%clk 0:02:47]} Qa5 {[%clk 0:03:00]} 12. Be2
{[%clk 0:02:42]} b5 {[%clk 0:02:57]} 13. b4 {[%clk 0:02:40]} Qb6 {[%clk 0:02:32]}
14. a4 {[%clk 0:02:40]} a5 {[%clk 0:02:33]} 15. axb5 {[%clk 0:02:25]} Qxb5
{[%clk 0:02:34]} 16. Ne5 {[%clk 0:02:25]} Nxe5 {[%clk 0:02:27]} 17. Bxe5
{[%clk 0:02:14]} O-O {[%clk 0:02:27]} 18. bxa5 {[%clk 0:01:59]} Rxa5
{[%clk 0:02:28]} 19. Rxa5 {[%clk 0:01:58]} Qxa5 {[%clk 0:02:29]} 20. O-O
{[%clk 0:01:58]} Qa2 {[%clk 0:02:23]} 21. Bxf6 {[%clk 0:01:28]} Bxf6
{[%clk 0:02:18]} 22. Re1 {[%clk 0:00:47]} Rb8 {[%clk 0:02:15]} 23. Bf3
{[%clk 0:00:04]} Rb2 {[%clk 0:01:58]} 24. Nf1 {[%clk 0:00:04]} Rxf2
{[%clk 0:01:53]} 25. Qa1 {[%clk 0:00:05]} Qxa1 {[%clk 0:01:51]} 26. Rxa1
{[%clk 0:00:06]} Rc2 {[%clk 0:01:51]} 27. Ra8+ {[%clk 0:00:07]} Kh7
{[%clk 0:01:52]} 28. Ra7 {[%clk 0:00:05]} Rxc3 {[%clk 0:01:38]} 29. Rxf7
{[%clk 0:00:06]} Rc1 {[%clk 0:01:34]} 30. Kf2 {[%clk 0:00:07]} Bd3
{[%clk 0:01:34]} 31. Nh2 {[%clk 0:00:05]} Bh4+ {[%clk 0:01:34]} 32. g3
{[%clk 0:00:04]} Rc2+ 33. Kg1 Bxg3 {[%clk 0:01:21]} 34. Ng4 {[%clk 0:00:07]} Bh4
{[%clk 0:01:21]} 35. Rc7 {[%clk 0:00:04]} Bg5 {[%clk 0:01:19]} 36. Kh1
{[%clk 0:00:04]} Bf5 {[%clk 0:01:17]} 37. Ne5 {[%clk 0:00:04]} Bxe3
{[%clk 0:01:16]} 38. Rc8 {[%clk 0:00:04]} Bxd4 {[%clk 0:01:13]} 39. Nf7
{[%clk 0:00:04]} g6 {[%clk 0:01:13]} 40. Rc7 {[%clk 0:00:04]} gxh5
{[%clk 0:01:10]} 41. Ne5+ 0-1

[Event "Russian Blitz Championship (m)"]
[Site "Sochi"]
[Date "2022.10.14"]
[Round "13.17"]
[White "Khubukshanov, Erdem"]
[Black "Turov, Maxim"]
[Result "0-1"]
[BlackElo "2465"]
[WhiteElo "2377"]
[LiveChessVersion "1.4.8"]

1. e4 {[%clk 0:03:02]} c6 {[%clk 0:03:04]} 2. d4 {[%clk 0:03:03]} d5
{[%clk 0:03:05]} 3. e5 {[%clk 0:03:04]} Bf5 {[%clk 0:03:06]} 4. h4
{[%clk 0:03:05]} Qc7 {[%clk 0:03:02]} 5. g4 {[%clk 0:03:03]} Bd7 {[%clk 0:03:00]}
6. Nc3 {[%clk 0:03:01]} e6 {[%clk 0:02:49]} 7. Be3 {[%clk 0:03:02]} c5
{[%clk 0:02:48]} 8. Nf3 {[%clk 0:03:02]} cxd4 {[%clk 0:02:47]} 9. Bxd4
{[%clk 0:03:03]} Nc6 {[%clk 0:02:46]} 10. Nb5 {[%clk 0:03:03]} Qb8
{[%clk 0:02:38]} 11. c4 {[%clk 0:03:03]} Nxd4 {[%clk 0:02:30]} 12. Qxd4
{[%clk 0:03:03]} Bxb5 {[%clk 0:02:18]} 13. cxb5 {[%clk 0:03:04]} Qc7
{[%clk 0:02:19]} 14. Bd3 {[%clk 0:03:00]} Bc5 {[%clk 0:02:11]} 15. Qa4
{[%clk 0:02:57]} Bb6 {[%clk 0:01:56]} 16. O-O {[%clk 0:02:45]} Rc8
{[%clk 0:01:53]} 17. Qf4 {[%clk 0:02:43]} Ne7 {[%clk 0:01:46]} 18. h5
{[%clk 0:02:42]} h6 {[%clk 0:01:41]} 19. Rac1 {[%clk 0:02:40]} Qd8
{[%clk 0:01:39]} 20. Kg2 {[%clk 0:02:25]} Rxc1 {[%clk 0:01:17]} 21. Rxc1
{[%clk 0:02:26]} Rf8 {[%clk 0:01:13]} 22. a4 {[%clk 0:02:22]} f6 {[%clk 0:01:09]}
23. b4 {[%clk 0:02:16]} Bc7 {[%clk 0:01:05]} 24. b6 {[%clk 0:01:43]} axb6
{[%clk 0:00:54]} 25. Qe3 {[%clk 0:01:09]} fxe5 {[%clk 0:00:42]} 26. Nxe5
{[%clk 0:01:09]} Qd6 {[%clk 0:00:42]} 27. f4 {[%clk 0:00:41]} Kd8
{[%clk 0:00:43]} 28. Qd4 {[%clk 0:00:30]} Nc6 {[%clk 0:00:28]} 29. Rxc6
{[%clk 0:00:08]} bxc6 {[%clk 0:00:29]} 30. Bg6 {[%clk 0:00:07]} Kc8
{[%clk 0:00:23]} 31. Nd3 {[%clk 0:00:06]} Rf6 {[%clk 0:00:15]} 32. a5
{[%clk 0:00:05]} bxa5 {[%clk 0:00:13]} 33. bxa5 {[%clk 0:00:06]} Rxf4
{[%clk 0:00:13]} 34. Nxf4 {[%clk 0:00:06]} Qxf4 {[%clk 0:00:14]} 35. Qxg7
{[%clk 0:00:05]} Qxg4+ {[%clk 0:00:12]} 36. Kf1 {[%clk 0:00:06]} Qf3+
{[%clk 0:00:11]} 37. Kg1 {[%clk 0:00:06]} Qe3+ {[%clk 0:00:10]} 38. Kg2
{[%clk 0:00:07]} Qe2+ {[%clk 0:00:11]} 39. Kg1 {[%clk 0:00:08]} Qe3+
{[%clk 0:00:11]} 40. Kg2 {[%clk 0:00:09]} Bxa5 {[%clk 0:00:11]} 41. Qh8+
{[%clk 0:00:06]} Kb7 {[%clk 0:00:11]} 42. Qb2+ {[%clk 0:00:07]} Bb6
{[%clk 0:00:12]} 43. Qg7+ {[%clk 0:00:08]} Bc7 {[%clk 0:00:13]} 44. Qb2+
{[%clk 0:00:09]} Qb6 {[%clk 0:00:15]} 45. Qd2 {[%clk 0:00:11]} e5
{[%clk 0:00:12]} 46. Qxh6 {[%clk 0:00:11]} Qb2+ {[%clk 0:00:14]} 47. Kh3
{[%clk 0:00:12]} Qc3+ {[%clk 0:00:15]} 48. Kg4 {[%clk 0:00:13]} e4
{[%clk 0:00:16]} 49. Qf8 {[%clk 0:00:11]} Qg3+ {[%clk 0:00:17]} 0-1

[Event "Russian Blitz Championship (m)"]
[Site "Sochi"]
[Date "2022.10.14"]
[Round "13.18"]
[White "Rozum, Ivan"]
[Black "Lesovoi, Evgenij"]
[Result "1-0"]
[BlackElo "2339"]
[WhiteElo "2428"]
[LiveChessVersion "1.4.8"]

1. b3 {[%clk 0:03:03]} d5 {[%clk 0:03:03]} 2. Bb2 {[%clk 0:03:03]} Bf5
{[%clk 0:03:02]} 3. d3 {[%clk 0:03:04]} e6 {[%clk 0:03:01]} 4. Nd2
{[%clk 0:03:04]} h6 {[%clk 0:03:01]} 5. e4 {[%clk 0:03:05]} Bh7 {[%clk 0:03:02]}
6. g3 {[%clk 0:03:04]} Nf6 {[%clk 0:03:02]} 7. Bg2 {[%clk 0:03:05]} Be7
{[%clk 0:03:03]} 8. Nh3 {[%clk 0:03:05]} O-O {[%clk 0:02:59]} 9. O-O
{[%clk 0:03:04]} a5 {[%clk 0:02:57]} 10. a4 {[%clk 0:02:58]} c6 {[%clk 0:02:53]}
11. Kh1 {[%clk 0:02:55]} Na6 {[%clk 0:02:41]} 12. f4 {[%clk 0:02:50]} Nb4
{[%clk 0:02:38]} 13. g4 {[%clk 0:02:47]} Nd7 {[%clk 0:02:13]} 14. Rc1
{[%clk 0:02:21]} Na2 {[%clk 0:02:12]} 15. Rb1 {[%clk 0:02:21]} Nb4
{[%clk 0:02:11]} 16. f5 {[%clk 0:02:13]} Bf6 {[%clk 0:01:56]} 17. Bxf6
{[%clk 0:02:07]} Qxf6 {[%clk 0:01:56]} 18. fxe6 {[%clk 0:02:02]} Qxe6
{[%clk 0:01:56]} 19. Nf4 {[%clk 0:02:03]} Qe5 {[%clk 0:01:40]} 20. Ne2
{[%clk 0:01:25]} Qd6 {[%clk 0:01:12]} 21. d4 {[%clk 0:01:21]} Qe7
{[%clk 0:00:57]} 22. Ng3 {[%clk 0:01:17]} c5 {[%clk 0:00:41]} 23. c3
{[%clk 0:01:13]} Na6 {[%clk 0:00:34]} 24. Nf5 {[%clk 0:01:04]} Bxf5
{[%clk 0:00:34]} 25. Rxf5 {[%clk 0:00:38]} cxd4 {[%clk 0:00:35]} 26. cxd4
{[%clk 0:00:39]} dxe4 {[%clk 0:00:30]} 27. Nxe4 {[%clk 0:00:40]} Rad8
{[%clk 0:00:15]} 28. Rxa5 {[%clk 0:00:38]} Nb4 {[%clk 0:00:13]} 29. Rb5
{[%clk 0:00:35]} b6 {[%clk 0:00:10]} 30. d5 {[%clk 0:00:35]} Na6 {[%clk 0:00:06]}
31. d6 {[%clk 0:00:35]} Qe6 {[%clk 0:00:06]} 32. h3 {[%clk 0:00:31]} Rfe8
{[%clk 0:00:07]} 33. Qd5 {[%clk 0:00:29]} Qg6 {[%clk 0:00:05]} 34. Rf1
{[%clk 0:00:29]} Nac5 {[%clk 0:00:04]} 35. Nxc5 {[%clk 0:00:29]} bxc5
{[%clk 0:00:05]} 36. Rb7 {[%clk 0:00:30]} Ne5 {[%clk 0:00:05]} 37. d7
{[%clk 0:00:22]} Re6 {[%clk 0:00:03]} 38. Rc7 {[%clk 0:00:17]} Qg5
{[%clk 0:00:03]} 39. Rf5 {[%clk 0:00:09]} Qe3 {[%clk 0:00:03]} 40. Rc8
{[%clk 0:00:09]} 1-0

[Event "Russian Blitz Championship (m)"]
[Site "Sochi"]
[Date "2022.10.14"]
[Round "13.19"]
[White "Borisovsky, Dmitry"]
[Black "Remizov, Yaroslav"]
[Result "0-1"]
[BlackElo "2417"]
[WhiteElo "2317"]
[LiveChessVersion "1.4.8"]

1. e4 {[%clk 0:03:03]} c5 {[%clk 0:03:04]} 2. Nf3 {[%clk 0:03:04]} Nc6
{[%clk 0:03:05]} 3. Bb5 {[%clk 0:03:05]} g5 {[%clk 0:03:06]} 4. Nxg5
{[%clk 0:02:45]} Nf6 {[%clk 0:03:08]} 5. d3 {[%clk 0:02:21]} Rg8 {[%clk 0:03:09]}
6. Bxc6 {[%clk 0:01:20]} dxc6 {[%clk 0:03:10]} 7. Rg1 {[%clk 0:01:20]} Bg4
{[%clk 0:03:09]} 8. Nf3 Nxe4 {[%clk 0:03:10]} 9. Qe2 {[%clk 0:00:43]} Ng5
{[%clk 0:02:30]} 10. Bxg5 {[%clk 0:00:39]} Rxg5 {[%clk 0:02:31]} 11. Nc3
{[%clk 0:00:37]} Bh6 {[%clk 0:02:26]} 12. h3 {[%clk 0:00:22]} Bxf3
{[%clk 0:02:26]} 13. Qxf3 {[%clk 0:00:22]} Qb6 {[%clk 0:02:25]} 14. Rb1
{[%clk 0:00:12]} Rg6 {[%clk 0:02:03]} 15. g3 {[%clk 0:00:08]} Rf6
{[%clk 0:01:51]} 16. Qg4 {[%clk 0:00:05]} Rg6 {[%clk 0:01:48]} 17. Qf3
{[%clk 0:00:05]} O-O-O {[%clk 0:01:48]} 18. Kf1 {[%clk 0:00:04]} Rf6
{[%clk 0:01:33]} 19. Qg4+ {[%clk 0:00:06]} e6 {[%clk 0:01:29]} 20. Kg2
{[%clk 0:00:05]} c4 {[%clk 0:01:23]} 21. Ne4 {[%clk 0:00:07]} Rg6
{[%clk 0:01:24]} 22. Qe2 {[%clk 0:00:07]} cxd3 23. cxd3 {[%clk 0:00:08]} f5
{[%clk 0:01:21]} 24. Nc3 {[%clk 0:00:05]} Qd4 {[%clk 0:01:21]} 25. Rbd1
{[%clk 0:00:05]} Bg7 {[%clk 0:01:17]} 26. Rge1 {[%clk 0:00:05]} Rf8
{[%clk 0:01:02]} 27. Qe3 {[%clk 0:00:05]} f4 {[%clk 0:00:52]} 28. Qxd4
{[%clk 0:00:06]} Bxd4 {[%clk 0:00:50]} 29. Rd2 {[%clk 0:00:04]} h5
{[%clk 0:00:48]} 30. Ne4 {[%clk 0:00:04]} e5 {[%clk 0:00:43]} 31. Rc2
{[%clk 0:00:03]} Kc7 {[%clk 0:00:42]} 32. h4 {[%clk 0:00:04]} a5 {[%clk 0:00:39]}
33. b3 {[%clk 0:00:05]} Ra8 {[%clk 0:00:33]} 34. Ng5 {[%clk 0:00:06]} a4
{[%clk 0:00:33]} 35. gxf4 {[%clk 0:00:06]} exf4 {[%clk 0:00:33]} 36. Re4
{[%clk 0:00:07]} axb3 {[%clk 0:00:30]} 37. axb3 {[%clk 0:00:08]} Bf6
{[%clk 0:00:31]} 38. Rxf4 {[%clk 0:00:06]} Bxg5 {[%clk 0:00:32]} 39. Kf3
{[%clk 0:00:07]} 0-1

[Event "Russian Blitz Championship (m)"]
[Site "Sochi"]
[Date "2022.10.14"]
[Round "13.20"]
[White "Shubin, Kirill"]
[Black "Baigildin, Albert"]
[Result "1/2-1/2"]
[BlackElo "2258"]
[WhiteElo "2416"]
[LiveChessVersion "1.4.8"]

1. e4 {[%clk 0:03:04]} e5 {[%clk 0:03:03]} 2. Nf3 {[%clk 0:03:05]} Nc6
{[%clk 0:03:04]} 3. Bb5 {[%clk 0:03:06]} a6 {[%clk 0:03:05]} 4. Ba4
{[%clk 0:03:07]} Nf6 {[%clk 0:03:06]} 5. d3 {[%clk 0:03:09]} b5 {[%clk 0:03:06]}
6. Bb3 {[%clk 0:03:10]} Bc5 {[%clk 0:03:07]} 7. O-O {[%clk 0:03:10]} O-O
{[%clk 0:03:07]} 8. Bg5 {[%clk 0:03:11]} h6 {[%clk 0:03:08]} 9. Bh4
{[%clk 0:03:12]} Be7 {[%clk 0:03:05]} 10. a3 {[%clk 0:03:05]} d6 {[%clk 0:03:05]}
11. h3 {[%clk 0:03:00]} Nh5 {[%clk 0:03:03]} 12. Nxe5 {[%clk 0:02:38]} Bxh4
{[%clk 0:02:38]} 13. Nxc6 {[%clk 0:02:38]} Qg5 {[%clk 0:02:39]} 14. Qf3
{[%clk 0:02:34]} Kh8 {[%clk 0:01:30]} 15. Ne7 {[%clk 0:02:04]} Be6
{[%clk 0:00:56]} 16. Nf5 {[%clk 0:02:04]} Bxf5 {[%clk 0:00:54]} 17. exf5
{[%clk 0:02:04]} Rae8 {[%clk 0:00:47]} 18. Nc3 {[%clk 0:02:00]} g6
{[%clk 0:00:33]} 19. Ne4 {[%clk 0:01:56]} Qxf5 {[%clk 0:00:33]} 20. Qxf5
{[%clk 0:01:51]} gxf5 {[%clk 0:00:35]} 21. Nc3 {[%clk 0:01:48]} Bf6
{[%clk 0:00:32]} 22. Rfe1 {[%clk 0:01:38]} Bxc3 {[%clk 0:00:32]} 23. bxc3
{[%clk 0:01:38]} Kg7 {[%clk 0:00:33]} 24. Bd5 {[%clk 0:01:31]} Nf4
{[%clk 0:00:31]} 25. Bc6 {[%clk 0:01:29]} Re6 {[%clk 0:00:26]} 26. Bd7
{[%clk 0:01:21]} Rxe1+ {[%clk 0:00:25]} 27. Rxe1 {[%clk 0:01:22]} Kf6
{[%clk 0:00:27]} 28. Bc6 {[%clk 0:01:21]} Ne6 {[%clk 0:00:25]} 29. d4
{[%clk 0:01:16]} Rb8 {[%clk 0:00:24]} 30. g3 {[%clk 0:01:00]} Rg8
{[%clk 0:00:24]} 31. Bb7 {[%clk 0:00:47]} Rb8 {[%clk 0:00:16]} 32. Bc6
{[%clk 0:00:32]} Rb6 {[%clk 0:00:15]} 33. Bf3 {[%clk 0:00:30]} c6
{[%clk 0:00:15]} 34. h4 {[%clk 0:00:24]} d5 {[%clk 0:00:16]} 35. Re5
{[%clk 0:00:21]} Rb7 {[%clk 0:00:18]} 36. g4 {[%clk 0:00:16]} fxg4
{[%clk 0:00:18]} 37. Bxg4 {[%clk 0:00:17]} Ng7 {[%clk 0:00:17]} 38. f4
{[%clk 0:00:12]} Re7 {[%clk 0:00:17]} 39. Bc8 {[%clk 0:00:12]} Rc7
{[%clk 0:00:16]} 40. Bg4 {[%clk 0:00:09]} Re7 {[%clk 0:00:17]} 41. Bc8 Rc7 42.
Bg4 Re7 43. Bc8 {[%clk 0:00:05]} Kxe5 1/2-1/2